A Text book of physical chemistry (Record no. 2993)

MARC details
000 -LEADER
fixed length control field 00414nam a22001577a 4500
008 - FIXED-LENGTH DATA ELEMENTS--GENERAL INFORMATION
fixed length control field 250414b |||||||| |||| 00| 0 eng d
020 ## - INTERNATIONAL STANDARD BOOK NUMBER
ISBN 9789352590421
100 ## - MAIN ENTRY--AUTHOR
Author Sharma K.K
245 ## - TITLE STATEMENT
Title A Text book of physical chemistry
250 ## - EDITION STATEMENT
Edition statement 6th
260 ## - PUBLICATION, DISTRIBUTION, ETC. (IMPRINT)
Place of publication India
Name of publisher Vikas Publishing House Put
Date of publication 2016
300 ## - COLLATION
Pagination xvi,863p
650 ## - TRACINGS
Main Subject Chemistry physical and theoretical
942 ## - ADDED ENTRY ELEMENTS (KOHA)
Item type Books
050 ## - LIBRARY OF CONGRESS CALL NUMBER
Classification number QD453.3
Item number .S43
Holdings
Source of classification or shelving scheme Not for loan Permanent location Current location Date acquired Accession No. Full call number Barcode. Koha item type
Library of Congress Classification   Samuel Ogbemudia Main Library, University of Abuja Samuel Ogbemudia Main Library, University of Abuja 04/14/2025 2024/62298 QD453.3.S43 2025-1359 Books
Library of Congress Classification   Samuel Ogbemudia Main Library, University of Abuja Samuel Ogbemudia Main Library, University of Abuja 04/14/2025 2024/62298 QD453.3.S43 2025-1360 Books